Krieg und frieden (Record no. 67163)

MARC details
000 -LÍDER
campo de controle de tamanho fixo 00240 a2200109 4500
001 - NÚMERO DE CONTROLE
campo de controle 67163
040 ## - FONTE DA CATALOGAÇÃO
Instituição que transcreveu o registro Anchieta - Pituba
240 10 - TÍTULO UNIFORME
Título uniforme Krieg und frieden
Idioma da obra eng
245 10 - TÍTULO
Título Krieg und frieden
650 #4 - ASSUNTO--TERMO TÓPICO
Cabeçalho tópico ou nome geográfico Inglês e inglês antigo
942 ## - ELEMENTOS DE ENTRADA ADICIONADOS (KOHA)
Tipo de material Koha Materiais mixtos
Holdings
Situação do descarte Situação das perdas Situação física Não pode ser emprestado Biblioteca de origem Biblioteca atual Data de aquisição Total de empréstimos Número de chamada completo Código de barras Data de último acesso Data do preço efetivo Tipo de material Koha
        Colégio Anchieta - Pituba Colégio Anchieta - Pituba 21/11/2023   420 K92 KRI 22016/PIT 21/11/2023 21/11/2023 Materiais mixtos